Southville International School and Colleges
Your cart is empty.
  • Cart
  • Lists
    Public lists Eva Luna New books Lux_list list_1
    Your lists Log in to create your own lists
  • Log in to your account
  • Your cookies
  • Search history
Southville International School and Colleges
  • Advanced search
  • Recent comments
  • Most popular
  • Libraries

Log in to your account

Log in with GOOGLE


If you do not have an external account, but do have a local account, you can still log in:

  1. Home
  2. MARC view: Pony express /
Normal view MARC view ISBD view

Pony express / (Record no. 12115)

[ view plain ]
MARC details
000 -LEADER
fixed length control field 00578nam a22002057a 4500
003 - CONTROL NUMBER IDENTIFIER
control field OSt
005 - DATE AND TIME OF LATEST TRANSACTION
control field 20140310182339.0
008 - FIXED-LENGTH DATA ELEMENTS--GENERAL INFORMATION
fixed length control field 130312t xxu||||| |||| 00| 0 eng d
020 ## - INTERNATIONAL STANDARD BOOK NUMBER
International Standard Book Number 0866253688
050 ## - LIBRARY OF CONGRESS CALL NUMBER
Classification number HE 6375.P65
Item number .L35 1990
082 ## - DEWEY DECIMAL CLASSIFICATION NUMBER
Classification number GS 383.143
Item number L148 1990
100 ## - MAIN ENTRY--PERSONAL NAME
Personal name Lake,A.I.
9 (RLIN) 21694
245 ## - TITLE STATEMENT
Title Pony express /
Statement of responsibility, etc A.I. Lake
260 ## - PUBLICATION, DISTRIBUTION, ETC. (IMPRINT)
Place of publication, distribution, etc Vero Beach, FL :
Name of publisher, distributor, etc Rourke Publications,
Date of publication, distribution, etc 1990.
300 ## - PHYSICAL DESCRIPTION
Other physical details col. ill. ;
Dimensions 28 cm.
650 ## - SUBJECT ADDED ENTRY--TOPICAL TERM
Topical term or geographic name as entry element Pony express
General subdivision History
-- Juvenile literature.
9 (RLIN) 21695
650 ## - SUBJECT ADDED ENTRY--TOPICAL TERM
Topical term or geographic name as entry element Series
9 (RLIN) 13189
942 ## - ADDED ENTRY ELEMENTS (KOHA)
Source of classification or shelving scheme Library of Congress Classification
Koha item type
Holdings
Withdrawn status Lost status Source of classification or shelving scheme Damaged status Home library Current library Shelving location Date acquired Total Checkouts Full call number Barcode Date last seen Copy number Price effective from Koha item type
    Library of Congress Classification   Luxembourg Library Luxembourg Library Grade School Section 09/25/2013   HE 6375.P65 .L35 1990 4422 10/28/2015 1 09/25/2013 Books

Pony express /

APA

Lake A., . (1990). Pony express. Vero Beach, FL: Rourke Publications.

Chicago

Lake A.I, . 1990. Pony express. Vero Beach, FL: Rourke Publications.

Harvard

Lake A., . (1990). Pony express. Vero Beach, FL: Rourke Publications.

MLA

Lake A.I, . Pony express. Vero Beach, FL: Rourke Publications. 1990.

  • Place hold
  • Print
  • Cite
  • Add to your cart (remove)
  • Save record
    BIBTEX Dublin Core MARCXML MARC (non-Unicode/MARC-8) MARC (Unicode/UTF-8) MARC (Unicode/UTF-8, Standard) MODS (XML) RIS
  • More searches
    Search for this title in:
    Other Libraries (WorldCat) Other Databases (Google Scholar) Online Stores (Bookfinder.com) Open Library (openlibrary.org)

Exporting to Dublin Core...

SOUTHVILLE LIBRARY

Southville International School and Colleges Library

1281 Tropical Ave. Cor. Luxembourg St., BF Homes International, Las Pinas City

Tel. No. 8256374 / 252358 Loc. 117/146

Powered by Koha